000 00450nam a2200181Ia 4500
005 20250603145043.0
008 250603s9999 xx 000 0 und d
020 _a81-207-0085-6
050 _aLB 1620.5 .K63/
100 _aKochhar, S. K.
245 0 _aGuidance and colleges and universities
260 _aNew Delhi
260 _bSterling Publisher Private Limited
260 _c2007
300 _a462 p
650 _aNew Delhi
942 _cBK
999 _c40733
_d40733